00548 2200205 4500245003600000020002200036250001100058100001700069700002100086700002400107700001000131650001700141005001900158260004100177041001400218084001300232300003200245500005600277336000900333 aFive Vol. 2cKusaka, RikihText a978-602-02-3342-0 aCet. 1 aKusaka, Riki aHirayama, Yuzuru aAndika Arief Satrya aEllen aKomik Jepang a20230130083510 aJakartabElex Media Komputindoc2014 aIndonesia a741.5592 a... jil. :bilus. ;c18 cm. aJudul asli : Five 2Diterjemahkan dari bahasa Jepang atext